The Routledge Companion to Critical Theory /

Shranjeno v:
Bibliografske podrobnosti
Drugi avtorji: Malpas, Simon (Editor), Wake, Paul, editor
Format: Neznan
Jezik:English
Izdano: Inglaterra : Routledge Taylor & Francis Group
Oznake: Označite
Brez oznak, prvi označite!

MARC

LEADER 00000 a2200000 04500
001 46604
003 cru CIDCACS/IIS
005 20170518103657.0
008 050628s2006 enk eng d
020 |a 9780415332965  
040 |c CIDCACS/IIS 
090 |a 05.01.01 M259r  
100 |a Malpas, Simon,   |e editor  
245 |a The Routledge Companion to Critical Theory /   |c Edicion de Simon Malpas and Paul Wake  
260 |a Inglaterra :   |b Routledge Taylor & Francis Group  
300 |a 296 páginas  
700 |a Wake, Paul, editor  
942 |2 ddc  |c LI 
999 |c 10472  |d 10472